Montlake and other (as trustees of WASPS Football Club) v Lambert Smith Hampton Group Ltd (Record no. 117717)
[ view plain ]
| 000 -LEADER | |
|---|---|
| fixed length control field | 01469cam a2200253 4500 |
| 001 - CONTROL NUMBER | |
| control field | ABS68056 |
| 008 - FIXED-LENGTH DATA ELEMENTS--GENERAL INFORMATION | |
| fixed length control field | 040716n2004 000 0 eng u |
| 035 ## - SYSTEM CONTROL NUMBER | |
| System control number | (Sirsi) u126806 |
| 245 ## - TITLE STATEMENT | |
| Title | Montlake and other (as trustees of WASPS Football Club) v Lambert Smith Hampton Group Ltd |
| 260 ## - PUBLICATION, DISTRIBUTION, ETC. | |
| Date of publication, distribution, etc. | 2004 |
| 520 ## - SUMMARY, ETC. | |
| Summary, etc. | [2004] EWHC 1503 (Comm), 8 July 2004. W and L were in dispute over a number of cost issues relating to a damages action for breach of contract and negligence in respect of L's carrying out a valuation of a sports ground. "Held": that W was entitled to the costs of the proceedings without any deductions; that W should be awarded enhanced interest at a rate of 6% on the principal sum which has been recovered from 13 January 2004 to 28 May 2004; and that indemnity costs should also be assessed from 13 January 2004 but no order was made regardings interest on these costs. A stay in relation to the costs was ordered pending L's appeal against HC decision of 6 May 2004 ([2004] EWHC 938 (Comm), Abs67861). View judgment at www.courtservice.org.uk. |
| 590 ## - LOCAL NOTE (RLIN) | |
| Local note | ABS |
| 590 ## - LOCAL NOTE (RLIN) | |
| Local note | ABS |
| 590 ## - LOCAL NOTE (RLIN) | |
| Local note | ABS |
| 650 ## - SUBJECT ADDED ENTRY--TOPICAL TERM | |
| Topical term or geographic name entry element | WASPS FOOTBALL CLUB'S TRUSTEES V LAMBERT SMITH HAMPTON GROUP LTD AND ANOTHER |
| 650 ## - SUBJECT ADDED ENTRY--TOPICAL TERM | |
| Topical term or geographic name entry element | DEPRECIATED REPLACEMENT COST |
| 650 ## - SUBJECT ADDED ENTRY--TOPICAL TERM | |
| Topical term or geographic name entry element | OPEN MARKET VALUE |
| 650 ## - SUBJECT ADDED ENTRY--TOPICAL TERM | |
| Topical term or geographic name entry element | DUTY OF CARE |
| 650 ## - SUBJECT ADDED ENTRY--TOPICAL TERM | |
| Topical term or geographic name entry element | VALUERS |
| 650 ## - SUBJECT ADDED ENTRY--TOPICAL TERM | |
| Topical term or geographic name entry element | DAMAGES |
| 650 ## - SUBJECT ADDED ENTRY--TOPICAL TERM | |
| Topical term or geographic name entry element | INDEMNITY |
| 690 ## - LOCAL SUBJECT ADDED ENTRY--TOPICAL TERM (OCLC, RLIN) | |
| Topical term or geographic name as entry element | PROFESSIONAL PRACTICE-NEGLIGENCE-CASE LAW |
| 942 ## - ADDED ENTRY ELEMENTS (KOHA) | |
| Suppress in OPAC | 0 |
| Withdrawn status | Lost status | Source of classification or shelving scheme | Damaged status | Not for loan | Home library | Current library | Shelving location | Date acquired | Total Checkouts | Full call number | Barcode | Date last seen | Copy number | Price effective from | Koha item type |
|---|---|---|---|---|---|---|---|---|---|---|---|---|---|---|---|
| Dewey Decimal Classification | London | London | Journal article | 16/07/2004 | ABS68056 | 126806-1001 | 06/08/2019 | 1 | 06/08/2019 | Law report | |||||
| Dewey Decimal Classification | Virtual | Virtual | Online | 16/07/2004 | ONLINE PUBLICATION | 126806-2001 | 06/08/2019 | 1 | 06/08/2019 | Law report |